| 000 | 00966 a2200217 4500 | ||
|---|---|---|---|
| 001 | 59013 | ||
| 005 | 20260407155844.0 | ||
| 008 | 260407a1956 arg spa d | ||
| 003 | AR-UNSa-BCEJYS | ||
| 040 |
_aAR-UNSa-BCEJYS _bspa _cAR-UNSa-BCEJYS |
||
| 080 |
_a338.1 _xSituación económica. Ciclos. Desarrollo de la estructura económica |
||
| 245 | 1 | 0 | _aEnsayos sobre el ciclo económico |
| 250 | _a2a. ed. | ||
| 264 | 1 |
_aMéxico : _bFondo de Cultura Económica _c1956 |
|
| 300 |
_a521 p. _c24 cm. |
||
| 505 | _a1. Panorama del ciclo económico y métodos del análisis - 2. Ahorro, inversión e ingreso nacional - 3. Multiplicador, principio de aceleración y gastos públicos - 4. Teoría monetaria del ciclo económico - 5. Teoría del subconsumo y tesis del estacionamiento secular - 6. Ciclos especiales - 7. Recapitulación. | ||
| 942 | _cBK | ||
| 590 | _aniveau_biblio:m niveau_hierar:0 | ||
| 100 | 1 | _aHaberler, Gottfried | |
| 700 | 1 | _aUrquidi, Víctor L. | |
| 999 |
_c6566 _d6566 |
||